000 00693nam a22002172 4500
001 0000006954
005 20151217154400.0
008 071030s xx 000 0 eng d
020 _a159452050x :
_cKES
040 _aKABU
_cKABU
100 1 _aDunnett, Walter M.
_@0000157926
245 1 0 _aExploring the New Testament /
_cWalter M. Dunnett.
260 _aWheaton, ILL :
_bCrossway Books,
_c2001.
300 _a103 p.
650 0 _aBible. N. T.
_xIntroduction.
_@0000157927
908 _a071030
950 _@1
999 _c10904
_d10904